Za'faran Palace A Glorious Past and a Promising Future

محفوظ في:

المؤلف الرئيسي: Mamdouh Eldamaty

التنسيق: كتاب

اللغة: Undetermined

منشور في: Cairo Ain Shams Univesity Press 2021

الوسوم: إضافة وسم

لا توجد وسوم, كن أول من يضع وسما على هذه التسجيلة!

رقم الطلب:

LEADER 00348nam a2200121Ia 4500
008 240503s9999||||xx |||||||||||||| ||und||
020 |a 978977908080754 
100 1 |a Mamdouh Eldamaty 
245 1 0 |a Za'faran Palace A Glorious Past and a Promising Future 
264 1 |a Cairo  |b Ain Shams Univesity Press  |c 2021 
300 |a 295  |c 30 
942 |2 lcc  |c BK 
999 |c 58306  |d 58306